Arc plasma technology in materials science /

Bibliographic Details
Main Author: Gerdeman, D. A.
Other Authors: Hecht, N. L. (Norman L.)
Format: Book
Language:English
Published: New York : Springer-Verlag, 1972.
Series:Applied mineralogy, 3
Subjects:

MARC

Tag First Indicator Second Indicator Subfields
LEADER 00000cam a2200000 4500
001 in00000094097
005 20150927070248.0
008 730327s1972 nyua b 00110 eng
010 |a  75186877  
020 |a 0387810412 
035 |a (OCoLC)00610300 
035 |9 AAL5952AM 
040 |a DLC  |c DLC  |d TXA  |d UtOrBLW 
049 |a TXAM  |c [1162301] 
050 0 0 |a TS655  |b .G47 
082 0 |a 671.7/34 
100 1 |a Gerdeman, D. A. 
245 1 0 |a Arc plasma technology in materials science /  |c [by] D. A. Gerdeman [and] N. L. Hecht. 
264 1 |a New York :  |b Springer-Verlag,  |c 1972. 
300 |a x, 206 pages :  |b illustrations ;  |c 25 cm. 
336 |a text  |b txt  |2 rdacontent 
337 |a unmediated  |b n  |2 rdamedia 
338 |a volume  |b nc  |2 rdacarrier 
490 0 |a Applied mineralogy, 3 
504 |a Bibliography: pages 151-201. 
650 0 |a Plasma spraying. 
650 0 |a Plasma jets. 
700 1 |a Hecht, N. L.  |q (Norman L.) 
999 |a MARS 
999 f f |s 0fdfa525-6d99-36be-b012-48a1f02bf04f  |i d3869db4-157a-30fa-a0ec-c9cc44e7282e  |t 0 
952 f f |p ric  |a Texas A&M University  |b Rellis Campus  |c Joint Library Facility  |d Remote Storage  |t 0  |e TS655 .G47  |h Library of Congress classification  |i unmediated -- volume  |m A14805648371 
998 f f |a TS655 .G47  |t 0  |l Remote Storage